Η τροχιά του πολιτισμού

Αποθηκεύτηκε σε:
Λεπτομέρειες βιβλιογραφικής εγγραφής
Κύριος συγγραφέας: Παπάκου-Λάγου, Αυγή Β., 1922-
Άλλοι συγγραφείς: Κεπερτή, Δώρα (Εικονογράφος)
Μορφή: Βιβλίο
Γλώσσα:Greek
Δημοσίευση: Αθήνα : Σύγχρονη Εποχή, 1999.
Θέματα:
Ετικέτες: Προσθήκη ετικέτας
Δεν υπάρχουν, Καταχωρήστε ετικέτα πρώτοι!

MARC

LEADER 00000cam a2200000 a 4500
001 1/124721
008 220418s1999####gr | ||| |||| ||gre||
020 |a 9602248572 
040 |a GR-MyUa  |b gre  |c GR-MyUa  |e AACR2 
041 0 |a gre 
082 7 |a 880   |2 (23) 
100 1 |a Παπάκου-Λάγου, Αυγή Β.,   |d 1922- 
245 1 2 |a Η τροχιά του πολιτισμού /   |c Αυγή Παπάκου-Λάγου ; ζωγραφιές: Δώρα Κεπερτή. 
260 |a Αθήνα :   |b Σύγχρονη Εποχή,   |c 1999.  
300 |a 81 σ. :   |b εικ. ;   |c 30 εκ.  
500 |a Τα κείμενα του βιβλίου είχαν εκδοθεί και παλιότερα από τις εκδόσεις Σύγχρονη Εποχή με τον τίτλο ''Σαν παραμύθι 3,4''. 
650 0 |a Children's literature. 
650 0 |a Prehistoric peoples. 
650 0 |a Prehistoric peoples  |x Pictorial works  |x Juvenile literature. 
700 1 |a Κεπερτή, Δώρα,  |e ill 
852 |a INST  |b RHODES  |e 20220418  |h 880 ΠΑΠ  |p 005400042733  |q 005400042733  |t BK  |y 0 
970 |z 18-04-2022